000 00436nam a2200181Ia 4500
001 12227
005 20260306162926.0
008 260306t2019||||xx |||||||||||||| ||spa||
041 _aESP
082 _aHR 342
_bNº 4 2019 EDP
100 _aCastronovo, Carlo
_eAUT
245 0 _aEuropa e diritto privato
260 _c2019
300 _apáginas 924-1241 :
_c24 cm.
650 _aGEN
654 _aCDE
942 _cREV
_dJUS
_fJUS
_2ddc
_n
999 _c12227
_d12227